[Event "19th EUR-ch"]
[Site "Batumi GEO"]
[Date "2018.03.19"]
[Round "3.70"]
[White "Bogner, Sebastian"]
[Black "Schekachikhin, Maksim"]
[Result "1-0"]
[WhiteElo "2588"]
[BlackElo "2406"]
[EventDate "2018.03.17"]
[PlyCount "119"]

1.e4 c6 2.d4 d5 3.e5 c5 4.dxc5 Nc6 5.Bb5 e6 6.Nf3 Bxc5 7.O-O Ne7 8.Nbd2 
O-O 9.Nb3 Bb6 10.Qe2 Bd7 11.Bd3 Ng6 12.Bd2 a5 13.a4 Bc7 14.Bxg6 fxg6 15.
Nbd4 h6 16.Nb5 g5 17.h3 Be8 18.Nfd4 Nxd4 19.Nxd4 Qe7 20.Ra3 Bg6 21.Rb3 
Rab8 22.f3 Be8 23.Ra1 Bd7 24.Kh1 Qe8 25.Rba3 Rc8 26.Bc3 Rf4 27.Rb3 b6 28.
Rba3 Bd8 29.Qd3 Be7 30.R3a2 Bc5 31.b3 Qh5 32.Ne2 Rff8 33.Bd4 Be8 34.c3 Bg6
35.Qe3 Qh4 36.Kg1 Bf5 37.b4 axb4 38.cxb4 Bxb4 39.Bxb6 h5 40.a5 g4 41.hxg4 
hxg4 42.fxg4 Bxg4 43.a6 Be1 44.Ra4 d4 45.Qxd4 Bf2+ 46.Qxf2 Rxf2 47.Bxf2 
Qg5 48.Nf4 Bf3 49.a7 Ba8 50.Rb4 Qxe5 51.Rab1 Kh7 52.Rb8 Qc3 53.Nxe6 Qc2 
54.Ng5+ Kh6 55.Nf7+ Kg6 56.Ne5+ Kh7 57.Ng4 Qe4 58.Ne3 Qc6 59.R1b4 g5 60.
Rc4 1-0

[Event "19th EUR-ch"]
[Site "Batumi GEO"]
[Date "2018.03.19"]
[Round "3.71"]
[White "Schnider, Gert"]
[Black "Donchenko, Alexander"]
[Result "1/2-1/2"]
[WhiteElo "2414"]
[BlackElo "2588"]
[EventDate "2018.03.17"]
[PlyCount "75"]

1.e4 c5 2.Nf3 d6 3.Bb5+ Nd7 4.O-O a6 5.Bd3 Ngf6 6.Re1 e6 7.c3 b5 8.Bc2 c4 
9.a4 Bb7 10.d4 cxd3 11.Qxd3 Nc5 12.Qe2 bxa4 13.e5 Nfe4 14.Rxa4 d5 15.Rd4 
Be7 16.Red1 Qc8 17.c4 a5 18.Ne1 f5 19.Qh5+ g6 20.Qh6 Bf8 21.Qh4 Be7 22.Qh6
Bf8 23.Qh4 h5 24.cxd5 Be7 25.Qh3 Bxd5 26.f3 Ng5 27.Qg3 h4 28.Rxh4 Rxh4 29.
Bxg5 Rh7 30.Bxe7 Kxe7 31.Qxg6 Rf7 32.Nc3 Bc4 33.Qg5+ Kf8 34.Qh4 Nd7 35.
Qh8+ Ke7 36.Qh4+ Kf8 37.Qh8+ Ke7 38.Qh4+ 1/2-1/2

[Event "19th EUR-ch"]
[Site "Batumi GEO"]
[Date "2018.03.19"]
[Round "3.72"]
[White "Can, Isik"]
[Black "Ivanisevic, Ivan"]
[Result "1-0"]
[WhiteElo "2413"]
[BlackElo "2587"]
[EventDate "2018.03.17"]
[PlyCount "126"]

1.e4 e5 2.Nf3 Nc6 3.Bb5 a6 4.Bxc6 dxc6 5.O-O f6 6.d4 Bg4 7.dxe5 Qxd1 8.
Rxd1 fxe5 9.Nbd2 O-O-O 10.Re1 Re8 11.h3 Bh5 12.Nh4 Nf6 13.Ndf3 Nd7 14.Bd2 
c5 15.Bc3 b5 16.b3 Be7 17.g4 Bxh4 18.Nxh4 Bf7 19.Nf5 Rhg8 20.Rad1 Nb8 21.
Bd2 Nc6 22.Be3 Nd4 23.Bxd4 cxd4 24.f4 exf4 25.Nxd4 g5 26.Kf2 Rg6 27.Kf3 
Rh6 28.Rh1 Rd6 29.Nf5 Rc6 30.h4 Rc3+ 31.Rd3 Rxc2 32.hxg5 Bg6 33.a3 a5 34.
Kxf4 Rf2+ 35.Rf3 Re2 36.Re3 Rf2+ 37.Kg3 Ra2 38.b4 axb4 39.axb4 Rb2 40.Rc1 
Kb8 41.e5 Bf7 42.Nd4 Bc4 43.Rh1 Bg8 44.e6 Kc8 45.e7 Rxb4 46.Rd1 Kb7 47.Nf5
Rb3 48.Rxb3 Bxb3 49.Rb1 Bc4 50.Kf4 Kb6 51.Re1 Bf7 52.Ng7 Rh8 53.Ke5 Bg6 
54.Rd1 Ra8 55.Rd8 Ra4 56.e8=Q Bxe8 57.Nxe8 Rxg4 58.Kf5 Rh4 59.Rb8+ Kc6 60.
Nf6 Rh1 61.Ke6 Rh4 62.Rh8 b4 63.g6 Rh1 1-0

[Event "19th EUR-ch"]
[Site "Batumi GEO"]
[Date "2018.03.19"]
[Round "3.73"]
[White "Korchmar, Vasiliy"]
[Black "Paichadze, Luka"]
[Result "0-1"]
[WhiteElo "2411"]
[BlackElo "2581"]
[EventDate "2018.03.17"]
[PlyCount "100"]

1.d4 Nf6 2.c4 e6 3.Nc3 Bb4 4.e3 O-O 5.Bd3 d5 6.Nf3 c5 7.cxd5 exd5 8.dxc5 
Nbd7 9.O-O Nxc5 10.Ne2 Bg4 11.Nfd4 Rc8 12.Bf5 Bxf5 13.Nxf5 Ne6 14.Bd2 Bxd2
15.Qxd2 g6 16.Nfd4 Qb6 17.b3 Ne4 18.Qb2 Rc7 19.Rac1 Rfc8 20.Rxc7 Rxc7 21.
Rc1 Qa5 22.a3 N4c5 23.Nxe6 Nxe6 24.b4 Rxc1+ 25.Qxc1 Qa6 26.Nd4 Nxd4 27.
exd4 Qd3 28.Qa1 a6 29.g3 Qd2 30.h4 Kg7 31.Kg2 f5 32.Kf1 Kf7 33.Kg2 Kf6 34.
Kf1 f4 35.Kg2 fxg3 36.Kxg3 Kg7 37.Kg2 Kh6 38.Qh1 Qf4 39.Kh3 Qf5+ 40.Kg3 
Qd3+ 41.Kh2 Qxd4 42.Qc1+ Kg7 43.Qc7+ Kf6 44.Qxb7 Qxf2+ 45.Kh3 Qe3+ 46.Kg2 
Qd2+ 47.Kf3 Qc3+ 48.Kg2 Qb2+ 49.Kf1 Qxa3 50.Qxd5 Qh3+ 0-1

[Event "19th EUR-ch"]
[Site "Batumi GEO"]
[Date "2018.03.19"]
[Round "3.74"]
[White "Esipenko, Andrey"]
[Black "Muradli, Mahammad"]
[Result "1/2-1/2"]
[WhiteElo "2581"]
[BlackElo "2398"]
[EventDate "2018.03.17"]
[PlyCount "130"]

1.d4 Nf6 2.c4 e6 3.Nc3 Bb4 4.e3 O-O 5.Ne2 Re8 6.a3 Bf8 7.g3 c5 8.dxc5 Bxc5
9.Bg2 a5 10.O-O Nc6 11.b3 Qe7 12.Nd4 Rd8 13.Na4 Ba7 14.Nb5 d5 15.Nxa7 Nxa7
16.Nb6 Rb8 17.Bb2 dxc4 18.Qe1 cxb3 19.Be5 Qc5 20.Bxb8 Qxb6 21.Bxa7 Qxa7 
22.Qc3 Qb6 23.Rfd1 Rxd1+ 24.Rxd1 Bd7 25.Qe5 Kf8 26.Bf3 Ke7 27.h4 a4 28.g4 
h6 29.g5 hxg5 30.hxg5 Ne8 31.Be4 Qb5 32.Rd5 Qc4 33.Rc5 Qe2 34.Qd4 Nd6 35.
Bh7 Bc6 36.Rxc6 bxc6 37.Qa7+ Kd8 38.Qxa4 Qb5 39.Qd4 Qxg5+ 40.Kf1 Kc7 41.
Bd3 Qd5 42.Qa7+ Kd8 43.Qb8+ Ke7 44.Qc7+ Kf8 45.Qb8+ Ne8 46.Ke2 Ke7 47.Qb7+
Kf6 48.Qb8 Ke7 49.Qb7+ Kf8 50.Qb8 g6 51.f3 c5 52.e4 Qd4 53.Qxb3 Nd6 54.Qb6
e5 55.Qc6 c4 56.Bc2 c3 57.Bd3 Kg8 58.a4 Qb4 59.Kd1 Nb7 60.Qe8+ Kg7 61.
Qxe5+ Kg8 62.Qb5 Qd4 63.Kc2 Nc5 64.a5 Nxd3 65.Qxd3 Qa4+ 1/2-1/2

[Event "19th EUR-ch"]
[Site "Batumi GEO"]
[Date "2018.03.19"]
[Round "3.75"]
[White "Blohberger, Felix"]
[Black "Petrosian, Manuel"]
[Result "1/2-1/2"]
[WhiteElo "2409"]
[BlackElo "2569"]
[EventDate "2018.03.17"]
[PlyCount "71"]

1.Nf3 d5 2.g3 Nc6 3.d4 Bf5 4.c4 e6 5.Bg2 Nb4 6.O-O Nc2 7.cxd5 Nxa1 8.e4 
Bxe4 9.dxe6 fxe6 10.Nc3 Bf5 11.Nh4 Qd7 12.Nxf5 exf5 13.Bxb7 Rb8 14.Re1+ 
Be7 15.Bd5 Rb6 16.Bg5 Kf8 17.Bf4 Nf6 18.Bc4 h5 19.h4 Rxb2 20.Qxa1 Rb6 21.
Qd1 Bb4 22.Qd3 g6 23.Be5 Kg7 24.Rc1 Bxc3 25.Qxc3 Kh7 26.Qa5 Re8 27.Bb3 Rc6
28.Rxc6 Qxc6 29.Ba4 Qc1+ 30.Kg2 Re6 31.Qb4 Ng4 32.Qf8 Rxe5 33.Qf7+ Kh6 34.
Qf8+ Kh7 35.Qf7+ Kh6 36.Qf8+ 1/2-1/2

[Event "19th EUR-ch"]
[Site "Batumi GEO"]
[Date "2018.03.19"]
[Round "3.76"]
[White "Wagner, Dennis"]
[Black "Polivanov, Anatoliy"]
[Result "1-0"]
[WhiteElo "2566"]
[BlackElo "2383"]
[EventDate "2018.03.17"]
[PlyCount "86"]

1.c4 e6 2.g3 d5 3.Bg2 dxc4 4.Qa4+ c6 5.Qxc4 b5 6.Qc2 Bb7 7.a4 a6 8.Nh3 Nd7
9.O-O Ngf6 10.d4 Qb6 11.Rd1 c5 12.Bxb7 Qxb7 13.axb5 axb5 14.Rxa8+ Qxa8 15.
Nc3 Qc6 16.Qb3 cxd4 17.Nxb5 Bc5 18.Qc4 d3 19.Qxd3 O-O 20.Nd4 Qa4 21.Qc2 
Qa6 22.Nf3 Rc8 23.Qd3 Qxd3 24.exd3 Bb6 25.d4 Nd5 26.Nf4 N7f6 27.Nxd5 Nxd5 
28.Bd2 h6 29.Rc1 Ra8 30.Kf1 g5 31.h3 Ra4 32.Ke2 f5 33.Rc6 Kf7 34.h4 g4 35.
Ne5+ Ke7 36.Bxh6 Bxd4 37.Bg5+ Nf6 38.Rc4 Rxc4 39.Nxc4 e5 40.b4 Ke6 41.Bxf6
Kxf6 42.b5 Ke6 43.b6 Kd5 1-0

[Event "19th EUR-ch"]
[Site "Batumi GEO"]
[Date "2018.03.19"]
[Round "3.77"]
[White "Bashirli, Nail"]
[Black "Chigaev, Maksim"]
[Result "1/2-1/2"]
[WhiteElo "2384"]
[BlackElo "2560"]
[EventDate "2018.03.17"]
[PlyCount "63"]

1.e4 c6 2.Nc3 d5 3.d4 dxe4 4.Nxe4 Bf5 5.Ng3 Bg6 6.h4 h6 7.Nf3 Nd7 8.h5 Bh7
9.Bd3 Bxd3 10.Qxd3 e6 11.Bd2 Ngf6 12.O-O-O Bd6 13.Ne4 Nxe4 14.Qxe4 Nf6 15.
Qe2 Bc7 16.Rh4 Qe7 17.c4 O-O-O 18.Bc3 c5 19.a3 Rhe8 20.Rhh1 a6 21.Kb1 cxd4
22.Nxd4 Qc5 23.g4 Qe5 24.Qxe5 Bxe5 25.f3 Rd7 26.Rhe1 Bg3 27.Rg1 Bh2 28.Rh1
Be5 29.Rhe1 Bg3 30.Rg1 Bh2 31.Rh1 Be5 32.Rhe1 1/2-1/2

[Event "19th EUR-ch"]
[Site "Batumi GEO"]
[Date "2018.03.19"]
[Round "3.78"]
[White "Voit, Daria"]
[Black "Ter-Sahakian, Samvel"]
[Result "1/2-1/2"]
[WhiteElo "2382"]
[BlackElo "2553"]
[EventDate "2018.03.17"]
[PlyCount "74"]

1.d4 Nf6 2.c4 e6 3.Nf3 d5 4.g3 Bb4+ 5.Bd2 Be7 6.Bg2 O-O 7.O-O Nbd7 8.Qc2 
Ne4 9.Rc1 c6 10.a4 a5 11.Be1 f5 12.e3 Bd6 13.Nc3 Qe7 14.Rab1 g5 15.Na2 g4 
16.Nh4 Rf7 17.b4 axb4 18.Bxb4 Nf8 19.f3 gxf3 20.Bxf3 Qg5 21.Ng2 Bc7 22.
Bxf8 Kxf8 23.Bxe4 dxe4 24.Nc3 h5 25.Qf2 e5 26.d5 Ba5 27.Nd1 h4 28.gxh4 Qg4
29.Qg3 f4 30.exf4 exf4 31.Qa3+ Kg8 32.Nf2 Qf5 33.Kh1 Kh7 34.Rg1 Bd7 35.
Rxb7 cxd5 36.Nh3 Bd8 37.Ngxf4 e3 1/2-1/2

[Event "19th EUR-ch"]
[Site "Batumi GEO"]
[Date "2018.03.19"]
[Round "3.79"]
[White "Moiseenko, Vadim"]
[Black "Tokranovs, Dmitrijs"]
[Result "1-0"]
[WhiteElo "2552"]
[BlackElo "2375"]
[EventDate "2018.03.17"]
[PlyCount "107"]

1.e4 e5 2.Nf3 Nc6 3.Nc3 Nf6 4.h3 Bb4 5.Bd3 Bxc3 6.dxc3 d5 7.exd5 Qxd5 8.
Qe2 Be6 9.Bb5 O-O-O 10.Be3 a6 11.Ba4 Qe4 12.Bb3 Bxb3 13.axb3 Nd5 14.Ra4 
Qf5 15.O-O f6 16.b4 Nf4 17.Bxf4 Qxf4 18.Rfa1 Qf5 19.Nh4 Qe6 20.b5 axb5 21.
Qxb5 Rd6 22.Ra7 Kd7 23.Rxb7 Rd5 24.Qc4 Ra8 25.Re1 g6 26.Nf3 Qd6 27.Rb5 
Rxb5 28.Qxb5 Ra5 29.Qc4 Rd5 30.Qe2 Ke7 31.b4 Qd7 32.b5 Nd8 33.c4 Rd6 34.c5
Rd5 35.c4 Rxc5 36.Nd2 e4 37.Nxe4 Re5 38.Qe3 Kf7 39.Qh6 Rh5 40.Qf4 Rf5 41.
Qg4 Ne6 42.Qd1 Qxd1 43.Rxd1 Ke7 44.f3 Re5 45.Nc3 Rc5 46.Nd5+ Kf7 47.Ne3 f5
48.Rd7+ Kf6 49.Rxh7 Nf8 50.Rxc7 Rxc7 51.Nd5+ Ke5 52.Nxc7 Kd6 53.Na6 Nd7 
54.f4 1-0

[Event "19th EUR-ch"]
[Site "Batumi GEO"]
[Date "2018.03.19"]
[Round "3.80"]
[White "Savchenko, Boris"]
[Black "Torosian, Norayr"]
[Result "1-0"]
[WhiteElo "2550"]
[BlackElo "2371"]
[EventDate "2018.03.17"]
[PlyCount "67"]

1.e4 e5 2.f4 d5 3.exd5 exf4 4.Qf3 Nf6 5.Nc3 Bd6 6.Bb5+ c6 7.dxc6 O-O 8.
cxb7 Qe7+ 9.Qe2 Qxb7 10.Nf3 a6 11.Ba4 Nc6 12.O-O Re8 13.Qd1 Bg4 14.d4 Red8
15.Ne2 Ne5 16.Nxf4 Nxf3+ 17.gxf3 Bxf4 18.fxg4 Bxc1 19.Rxc1 Qxb2 20.c3 Qb6 
21.Bb3 h6 22.h4 Ra7 23.g5 hxg5 24.hxg5 Nd5 25.Qf3 Qd6 26.Rce1 Qg6 27.Re5 
Nb6 28.Rfe1 Rf8 29.Kf2 Rc7 30.Rh1 Nc4 31.Qh3 f6 32.Qe6+ Rcf7 33.Rf5 Nd2 
34.Bd5 1-0

[Event "19th EUR-ch"]
[Site "Batumi GEO"]
[Date "2018.03.19"]
[Round "3.81"]
[White "Santos Latasa, Jaime"]
[Black "Lewtak, Damian"]
[Result "1-0"]
[WhiteElo "2549"]
[BlackElo "2370"]
[EventDate "2018.03.17"]
[PlyCount "47"]

1.c4 e5 2.g3 Nf6 3.Bg2 d5 4.cxd5 Nxd5 5.Nc3 Nb6 6.Nf3 Nc6 7.O-O Be7 8.a3 
Be6 9.d3 f6 10.b4 a5 11.b5 Nd4 12.Nd2 Nd5 13.Bxd5 Bxd5 14.e3 Bf7 15.exd4 
Qxd4 16.Nde4 Rd8 17.Qg4 g6 18.Qh4 Bb3 19.Be3 Qxd3 20.Nxf6+ Kf7 21.Nce4 
Qxb5 22.Rac1 c6 23.Bc5 Bxc5 24.Rxc5 1-0

[Event "19th EUR-ch"]
[Site "Batumi GEO"]
[Date "2018.03.19"]
[Round "3.82"]
[White "Assaubaeva, Bibisara"]
[Black "Palac, Mladen"]
[Result "0-1"]
[WhiteElo "2369"]
[BlackElo "2546"]
[EventDate "2018.03.17"]
[PlyCount "88"]

1.d4 Nf6 2.c4 e6 3.Nf3 d5 4.Nc3 Bb4 5.Bg5 dxc4 6.e4 h6 7.Bxf6 Qxf6 8.Bxc4 
c5 9.Rc1 cxd4 10.Qxd4 Qxd4 11.Nxd4 Ke7 12.O-O Rd8 13.Rfd1 Bc5 14.Nb3 Rxd1+
15.Rxd1 Bd6 16.Nd4 Bd7 17.Ncb5 Bxb5 18.Bxb5 a6 19.Ba4 b5 20.Bb3 Be5 21.a4 
Bxd4 22.Rxd4 Nc6 23.Rd3 Ne5 24.Rd1 g5 25.axb5 axb5 26.f3 Rd8 27.Rxd8 Kxd8 
28.Bd1 Kc7 29.b3 Kb6 30.Kf2 Kc5 31.Ke3 Nc6 32.f4 f6 33.fxg5 fxg5 34.g3 Kb4
35.h4 Kc3 36.hxg5 hxg5 37.e5 Nxe5 38.Ke4 Nc6 39.Bg4 Nd4 40.Ke5 b4 41.Kf6 
Kxb3 42.Kxg5 Kc2 43.Bh5 b3 44.Bg6+ Kc1 0-1

[Event "19th EUR-ch"]
[Site "Batumi GEO"]
[Date "2018.03.19"]
[Round "3.83"]
[White "Shevchenko, Kirill"]
[Black "Mirzoyan, David"]
[Result "1-0"]
[WhiteElo "2545"]
[BlackElo "2350"]
[EventDate "2018.03.17"]
[PlyCount "138"]

1.e4 e6 2.d4 d5 3.Nd2 c5 4.exd5 Qxd5 5.dxc5 Qxc5 6.Ngf3 Nf6 7.Bd3 Bd6 8.
O-O Nbd7 9.Nc4 Be7 10.Bf4 b5 11.Ncd2 Bb7 12.Re1 Rc8 13.Be3 Qc7 14.Bxb5 O-O
15.c3 Nc5 16.Qe2 Rb8 17.Bd4 Bxf3 18.Nxf3 Qb7 19.a4 a6 20.Bxc5 Bxc5 21.Bxa6
Qxb2 22.Bb5 Qxc3 23.Rec1 Qb4 24.Rc4 Rxb5 25.axb5 Qxb5 26.Qc2 Be7 27.Rc8 g6
28.h3 Rxc8 29.Qxc8+ Kg7 30.Qc2 Qd5 31.Rd1 Qa5 32.Nd4 Nd5 33.Nf3 Bf6 34.Rb1
Nc3 35.Re1 Qb5 36.Kh2 Qb8+ 37.g3 Qb5 38.Kg2 Qd5 39.Re3 Qa5 40.h4 Qb4 41.
Re1 Qb5 42.Qd2 Qb7 43.Rc1 Nd5 44.Rc4 Qb5 45.Qc2 h6 46.Nh2 Qb7 47.Qe4 Qb2 
48.Ng4 Bc3 49.Ne3 Qd2 50.Nf1 Qb2 51.Nh2 Bf6 52.Rc2 Qb7 53.Qf3 Qb1 54.Re2 
Qb7 55.Qe4 Qe7 56.Re1 Bc3 57.Qxd5 Bxe1 58.Qe5+ Kh7 59.Qxe1 Qb7+ 60.Kg1 Qd5
61.Qe3 h5 62.Nf3 Kg8 63.Ng5 Qd1+ 64.Kg2 Qd8 65.Qc3 Qd5+ 66.Qf3 Qd7 67.Ne4 
Qc7 68.Nf6+ Kh8 69.Qa8+ Qc8 1-0

[Event "19th EUR-ch"]
[Site "Batumi GEO"]
[Date "2018.03.19"]
[Round "3.84"]
[White "Davtian, Artur"]
[Black "Nevednichy, Vladislav"]
[Result "1-0"]
[WhiteElo "2351"]
[BlackElo "2542"]
[EventDate "2018.03.17"]
[PlyCount "197"]

1.d4 e6 2.Nf3 c5 3.c4 cxd4 4.Nxd4 Nf6 5.Nc3 a6 6.e3 d5 7.cxd5 exd5 8.Be2 
Bd6 9.Qa4+ Bd7 10.Qb3 Nc6 11.Nxd5 Nxd5 12.Qxd5 Bb4+ 13.Bd2 Bxd2+ 14.Kxd2 
O-O 15.Rhd1 Nxd4 16.Qxd4 Qa5+ 17.Qc3 Qg5 18.Ke1 Rac8 19.Qd4 Bc6 20.g3 Bb5 
21.h4 Qg6 22.Bxb5 axb5 23.Rac1 Rce8 24.Qd5 Qb6 25.Kf1 Qf6 26.Qxb5 Rxe3 27.
Kg1 Re6 28.Re1 Rb6 29.Qc5 g6 30.b3 Ra8 31.Re2 Rc6 32.Qe3 h5 33.Rec2 Rxc2 
34.Rxc2 Qf5 35.Rd2 Rc8 36.Kg2 b5 37.Qf3 Qe6 38.Qd5 Qa6 39.Qd7 Rf8 40.Kh2 
b4 41.Qe7 Qa5 42.Qf6 Qa3 43.Rc2 Qa5 44.Re2 Rc8 45.Qd4 Qb5 46.Re5 Qb7 47.
Re4 Rb8 48.Qe3 Qa8 49.g4 hxg4 50.h5 Qc6 51.hxg6 Qxg6 52.Re5 f6 53.Re7 Rd8 
54.Qe6+ Kh8 55.Qe3 Kg8 56.Kg2 Kf8 57.Re4 Qh5 58.Rxb4 Re8 59.Re4 Qh3+ 60.
Kg1 Qxe3 61.Rxe3 Rc8 62.Kg2 Kf7 63.Kg3 Rc2 64.a4 f5 65.Re5 Kf6 66.Rb5 Rc3+
67.Kg2 f4 68.a5 Rc2 69.Rb4 Ke5 70.a6 Rc8 71.a7 Ra8 72.Rb7 Kd5 73.b4 Kc6 
74.Rf7 g3 75.f3 Kb5 76.Rxf4 Rxa7 77.Kxg3 Rd7 78.Re4 Kc6 79.f4 Rd1 80.Kg4 
Kd6 81.Kf5 Rh1 82.Kg5 Kd5 83.Re5+ Kd6 84.Re2 Rb1 85.Kf6 Rxb4 86.Rd2+ Kc5 
87.f5 Rb6+ 88.Kg7 Rb7+ 89.Kg6 Rb1 90.f6 Rg1+ 91.Kf7 Kc6 92.Ke7 Re1+ 93.Kf8
Rg1 94.f7 Rg3 95.Rd4 Rg1 96.Ke7 Re1+ 97.Kf6 Rf1+ 98.Ke6 Kc7 99.Rd5 1-0

[Event "19th EUR-ch"]
[Site "Batumi GEO"]
[Date "2018.03.19"]
[Round "3.85"]
[White "Tsoi, Dmitry"]
[Black "Meskovs, Nikita"]
[Result "1/2-1/2"]
[WhiteElo "2347"]
[BlackElo "2536"]
[EventDate "2018.03.17"]
[PlyCount "144"]

1.e4 e5 2.Bc4 Nf6 3.d3 Bc5 4.Nc3 c6 5.Nf3 d6 6.O-O O-O 7.Bg5 h6 8.Bh4 Nbd7
9.d4 exd4 10.Nxd4 Ne5 11.Bb3 Re8 12.Nf5 d5 13.Re1 Ng6 14.Bg3 Bxf5 15.exf5 
Rxe1+ 16.Qxe1 Ne7 17.Qe5 Qd7 18.Na4 Bb6 19.Nxb6 axb6 20.Bh4 Nxf5 21.Bxf6 
Re8 22.Qc3 gxf6 23.Qxf6 Re6 24.Qc3 Qe7 25.g3 Re4 26.Bxd5 Nd4 27.Bc4 b5 28.
Bf1 c5 29.Kh1 Qg5 30.Qd3 Qf5 31.Bg2 Re2 32.Qxf5 Nxf5 33.Kg1 Rd2 34.Kf1 b6 
35.Be4 Nd4 36.Rc1 b4 37.Bd3 Kg7 38.h4 Kf6 39.Ke1 Nf3+ 40.Kf1 Ke5 41.Bc4 f5
42.a3 f4 43.gxf4+ Kxf4 44.axb4 cxb4 45.h5 Nh2+ 46.Ke1 Nf3+ 47.Kf1 b5 48.
Be2 Nd4 49.Bd1 Nc6 50.c4 bxc3 51.bxc3 Ne5 52.Rb1 Rd5 53.Be2 Rc5 54.Rb4+ 
Kf5 55.Rxb5 Rxc3 56.Kg2 Kf4 57.Rb6 Rc2 58.Kf1 Rc1+ 59.Kg2 Rc2 60.Rb4+ Kf5 
61.Ba6 Kg5 62.Re4 Kf5 63.Ra4 Kg5 64.Re4 Kf5 65.Re1 Kf4 66.Bb5 Rb2 67.Be2 
Ra2 68.Kf1 Nf3 69.Rc1 Nd2+ 70.Kg1 Ne4 71.Re1 Rb2 72.Kf1 Nd2+ 1/2-1/2

[Event "19th EUR-ch"]
[Site "Batumi GEO"]
[Date "2018.03.19"]
[Round "3.86"]
[White "Krykun, Yuriy"]
[Black "Baron, Tal"]
[Result "0-1"]
[WhiteElo "2340"]
[BlackElo "2529"]
[EventDate "2018.03.17"]
[PlyCount "84"]

1.Nf3 d5 2.d4 Nf6 3.c4 e6 4.g3 dxc4 5.Bg2 c6 6.Ne5 c5 7.Be3 Nd5 8.Nxc4 
Nxe3 9.fxe3 Be7 10.Nc3 O-O 11.O-O Nd7 12.Rc1 Rb8 13.Nb5 a6 14.Na7 Qc7 15.
a4 b5 16.Nxc8 Rfxc8 17.axb5 axb5 18.Nd2 Bg5 19.Rf3 Qd8 20.Ne4 cxd4 21.Rxc8
Rxc8 22.Qxd4 Rc4 23.Qd3 Ne5 24.Qxd8+ Bxd8 25.Rf1 Bb6 26.Ra1 Bxe3+ 27.Kf1 
g5 28.Nd6 Rb4 29.Ra5 Rd4 30.Ra8+ Kg7 31.Ne8+ Kg6 32.Ra1 Rd7 33.Be4+ f5 34.
Bc2 Kf7 35.Ra8 Rd2 36.Rc8 Nc4 37.Bb3 g4 38.Kg2 Rxe2+ 39.Kf1 Rf2+ 40.Ke1 
Ne5 41.Rc3 Nf3+ 42.Kd1 Rd2+ 0-1

[Event "19th EUR-ch"]
[Site "Batumi GEO"]
[Date "2018.03.19"]
[Round "3.87"]
[White "Ruck, Robert"]
[Black "Aliev, Ravan"]
[Result "1-0"]
[WhiteElo "2529"]
[BlackElo "2330"]
[EventDate "2018.03.17"]
[PlyCount "91"]

1.Nf3 d5 2.g3 c5 3.Bg2 Nc6 4.d4 Nf6 5.O-O e6 6.c4 Be7 7.cxd5 exd5 8.Nc3 
O-O 9.dxc5 d4 10.Na4 Bf5 11.Bf4 Be4 12.Rc1 Qd5 13.Qb3 Qxb3 14.axb3 Rfd8 
15.Ne1 Bxg2 16.Kxg2 Nd5 17.Nd3 Nxf4+ 18.gxf4 Na5 19.b4 Nb3 20.Rcd1 f6 21.
Nc1 Nxc1 22.Rxc1 b5 23.cxb6 axb6 24.Nxb6 Rab8 25.Rc6 d3 26.exd3 Rxd3 27.b5
Bd8 28.Nc4 Rxb5 29.Re1 Rb7 30.Nd6 Rxd6 31.Rxd6 Be7 32.Rd5 Kf7 33.f5 g6 34.
Re2 Bf8 35.Red2 Ke7 36.h3 Bh6 37.Re2+ Kf7 38.b4 gxf5 39.b5 Kg6 40.Re6 Bf4 
41.Kf3 Kf7 42.Rc6 Be5 43.b6 Ke7 44.Ke3 f4+ 45.Ke4 Rb8 46.Ra5 1-0

[Event "19th EUR-ch"]
[Site "Batumi GEO"]
[Date "2018.03.19"]
[Round "3.88"]
[White "Petriashvili, Nikoloz"]
[Black "Kantor, Gergely"]
[Result "1/2-1/2"]
[WhiteElo "2329"]
[BlackElo "2527"]
[EventDate "2018.03.17"]
[PlyCount "40"]

1.d4 Nf6 2.Nf3 e6 3.c4 b6 4.a3 Bb7 5.Nc3 d5 6.Bg5 Be7 7.e3 O-O 8.cxd5 exd5
9.Bd3 c5 10.O-O Nbd7 11.Rc1 c4 12.Bb1 a6 13.Ne5 Ne8 14.Bxe7 Qxe7 15.Nxd7 
Qxd7 16.b3 b5 17.e4 dxe4 18.bxc4 Nf6 19.d5 bxc4 20.Nxe4 Nxd5 1/2-1/2

[Event "19th EUR-ch"]
[Site "Batumi GEO"]
[Date "2018.03.19"]
[Round "3.89"]
[White "Kelires, Andreas"]
[Black "Akhvlediani, Irakli"]
[Result "1-0"]
[WhiteElo "2523"]
[BlackElo "2318"]
[EventDate "2018.03.17"]
[PlyCount "163"]

1.d4 Nf6 2.Nf3 g6 3.Bg5 Bg7 4.Nbd2 O-O 5.e3 d5 6.c3 Nbd7 7.Be2 Re8 8.O-O 
e5 9.dxe5 Nxe5 10.Nxe5 Rxe5 11.Nf3 Re8 12.Qb3 c6 13.a4 Qb6 14.Qa3 a5 15.
Bf4 Ne4 16.Bd3 Bf5 17.Bxe4 Bxe4 18.Nd4 Bf8 19.Qa2 Bg7 20.Rfd1 Bxd4 21.Rxd4
c5 22.Rd2 c4 23.Rd4 Rad8 24.Rad1 Bd3 25.Qa3 Qc6 26.Rd2 b5 27.axb5 Qxb5 28.
h3 a4 29.Kh2 Rd7 30.Bg3 Qc6 31.Qb4 Ra8 32.h4 h5 33.Qa3 Re8 34.Qb4 Ra8 35.
Bf4 Rb7 36.Qd6 Qxd6 37.Bxd6 Rd7 38.Bb4 Re8 39.Rd1 Re4 40.Ra1 Bc2 41.Kg3 
Rd8 42.Rc1 Bd3 43.Ra1 Bc2 44.Rd2 Bb3 45.Bc5 Ree8 46.f3 f6 47.Re1 Kf7 48.
Kf2 g5 49.hxg5 fxg5 50.Ree2 Ba2 51.Rd1 Kg6 52.Bb4 Kf6 53.Ba5 Rd7 54.e4 Re5
55.Bb6 Kg6 56.Bc5 Bb3 57.Rd4 Ba2 58.Re1 Rb7 59.Ba3 dxe4 60.fxe4 Rf7+ 61.
Ke3 g4 62.Rd6+ Kg5 63.Kd4 Re8 64.Rd5+ Kg6 65.Rd6+ Kg5 66.Rd5+ Kg6 67.Rh1 
Rf4 68.Rd6+ Kg7 69.Rxh5 Rfxe4+ 70.Kd5 Bb1 71.Bc5 Rf4 72.Bd4+ Kf7 73.Rg5 
Be4+ 74.Kxc4 Rc8+ 75.Kb4 Bxg2 76.Rg7+ Kf8 77.Rh7 Rf7 78.Rh8+ Ke7 79.Rhh6 
Rb8+ 80.Kxa4 Bf3 81.Bc5 Bd1+ 82.Rxd1+ 1-0

[Event "19th EUR-ch"]
[Site "Batumi GEO"]
[Date "2018.03.19"]
[Round "3.90"]
[White "Oboladze, Luka"]
[Black "Steinberg, Nitzan"]
[Result "1/2-1/2"]
[WhiteElo "2318"]
[BlackElo "2518"]
[EventDate "2018.03.17"]
[PlyCount "115"]

1.d4 Nf6 2.c4 e6 3.Nf3 Bb4+ 4.Bd2 c5 5.Bxb4 cxb4 6.Nbd2 O-O 7.e3 b6 8.Bd3 
Bb7 9.Qc2 h6 10.Rg1 d5 11.g4 dxc4 12.Bxc4 Nbd7 13.g5 hxg5 14.Rxg5 Rc8 15.
Qd3 Qe7 16.Ke2 Nh7 17.Rg3 f5 18.Rag1 Rf7 19.Qb3 Re8 20.h4 a6 21.Qd3 b5 22.
Bb3 Bd5 23.h5 Bxb3 24.Nxb3 Kh8 25.Rh3 e5 26.Nh4 Qe6 27.d5 e4 28.Qd4 Qf6 
29.Rg6 Qxd4 30.Nxd4 f4 31.Rxa6 f3+ 32.Kd2 Nc5 33.Rb6 Nd3 34.Rh2 Nf6 35.
Ng6+ Kg8 36.h6 Kh7 37.Nf4 Nxf4 38.exf4 Ng4 39.Rh4 Nxf2 40.hxg7+ Kxg7 41.
Re6 Rh8 42.Rxh8 Kxh8 43.d6 Kg7 44.f5 Rd7 45.Nxb5 Kf7 46.a4 bxa3 47.bxa3 
Nh1 48.Rxe4 f2 49.Rf4 Ng3 50.Rxf2 Ne4+ 51.Ke3 Nxf2 52.Kxf2 Rb7 53.a4 Rb6 
54.Ke3 Ra6 55.Kd4 Rxa4+ 56.Kc5 Rf4 57.Nd4 Ke8 58.Kd5 1/2-1/2

[Event "19th EUR-ch"]
[Site "Batumi GEO"]
[Date "2018.03.19"]
[Round "3.91"]
[White "Murzin, Volodar"]
[Black "Matinian, Nikita"]
[Result "1/2-1/2"]
[WhiteElo "2316"]
[BlackElo "2514"]
[EventDate "2018.03.17"]
[PlyCount "130"]

1.e4 e5 2.Nf3 Nc6 3.Bc4 Nf6 4.d3 Bc5 5.O-O d6 6.c3 Bb6 7.Be3 O-O 8.Nbd2 
Ne7 9.Bb3 c6 10.d4 Ng6 11.dxe5 Nxe5 12.Nxe5 dxe5 13.Bxb6 Qxb6 14.Nc4 Qc5 
15.Qd6 Nxe4 16.Qxe5 Qxe5 17.Nxe5 Nd2 18.Rfd1 Nxb3 19.axb3 Be6 20.b4 Rfe8 
21.Nf3 Bg4 22.Kf1 Bxf3 23.gxf3 Kf8 24.Rd4 a6 25.Rad1 g6 26.f4 Re6 27.Rd7 
Re7 28.Kg2 Rae8 29.Kf3 Rxd7 30.Rxd7 Re7 31.Rd8+ Kg7 32.Rd6 f5 33.h3 Kh6 
34.Rd8 Kh5 35.Kg3 h6 36.Kf3 Kh4 37.Rd6 Rg7 38.Kg2 h5 39.Rd4 Re7 40.Rd6 Rg7
41.Rd4 Re7 42.Rd6 g5 43.fxg5 Kxg5 44.Rd4 Re2 45.Rd7 Rxb2 46.Rxb7 Rc2 47.
Rb6 Rxc3 48.Rxa6 h4 49.Ra8 f4 50.Rg8+ Kf5 51.Rg4 Rc4 52.Rxh4 Rxb4 53.Rh5+ 
Ke4 54.Rc5 Rb6 55.Rc1 Kd4 56.Kf3 c5 57.Kxf4 Rf6+ 58.Kg3 Rg6+ 59.Kh4 c4 60.
f4 Rg2 61.f5 Ke5 62.Rxc4 Kxf5 63.Rc6 Rh2 64.Rh6 Rh1 65.Kg3 Ke5 1/2-1/2

[Event "19th EUR-ch"]
[Site "Batumi GEO"]
[Date "2018.03.19"]
[Round "3.92"]
[White "Demianjuk, Alexander"]
[Black "Shengelia, David"]
[Result "1/2-1/2"]
[WhiteElo "2313"]
[BlackElo "2508"]
[EventDate "2018.03.17"]
[PlyCount "133"]

1.d4 Nf6 2.c4 e6 3.Nf3 Bb4+ 4.Bd2 a5 5.g3 d5 6.Bg2 dxc4 7.O-O c6 8.Bxb4 
axb4 9.Ne5 O-O 10.Nxc4 b5 11.Ne5 Bb7 12.e3 Nfd7 13.Nd3 Qe7 14.Nd2 e5 15.
Nb3 exd4 16.exd4 Qd6 17.Qd2 Na6 18.Rfc1 Rac8 19.Rc2 Rfd8 20.Rac1 Ba8 21.
Qf4 Nb6 22.Ne5 Rc7 23.Nxc6 Qxf4 24.gxf4 Re8 25.Nxb4 Rxc2 26.Nxc2 Nc4 27.
Nc5 Nxc5 28.dxc5 Nxb2 29.Nb4 Na4 30.c6 Nb6 31.Rc5 Kf8 32.Rxb5 Nc4 33.c7 
Nd6 34.Re5 Bxg2 35.Kxg2 f6 36.Rh5 h6 37.Nc6 Rc8 38.Rd5 Ne8 39.Nd4 Nxc7 40.
Rd7 Ne8 41.Ne6+ Kg8 42.f5 Rc6 43.a4 g5 44.Rd8 Kf7 45.Rd7+ Kg8 46.a5 Nd6 
47.Nc7 Nxf5 48.a6 Nh4+ 49.Kf1 Rc1+ 50.Ke2 Ra1 51.Rd8+ Kf7 52.Ra8 Nf5 53.
Kd3 Rd1+ 54.Kc2 Rd7 55.Nb5 Rd5 56.a7 Rxb5 57.Rb8 Ra5 58.a8=Q Rxa8 59.Rxa8 
Kg6 60.Kd3 Nh4 61.Ke4 f5+ 62.Ke3 Kh5 63.f3 f4+ 64.Ke4 Ng2 65.Ra6 Nh4 66.
Rb6 Ng2 67.Ra6 1/2-1/2

[Event "19th EUR-ch"]
[Site "Batumi GEO"]
[Date "2018.03.19"]
[Round "3.93"]
[White "Diermair, Andreas"]
[Black "Gvetadze, Sofio"]
[Result "1/2-1/2"]
[WhiteElo "2507"]
[BlackElo "2308"]
[EventDate "2018.03.17"]
[PlyCount "99"]

1.d4 Nf6 2.c4 e6 3.Nc3 d5 4.Bg5 Be7 5.e3 O-O 6.Nf3 Nbd7 7.Rc1 c6 8.a3 Ne4 
9.Bxe7 Qxe7 10.Qc2 Nxc3 11.Qxc3 dxc4 12.Qxc4 e5 13.Be2 exd4 14.Nxd4 Ne5 
15.Qc3 Qg5 16.g3 Qg6 17.Qc2 Qf6 18.Qe4 Bh3 19.Qf4 Qe7 20.Qh4 Qd7 21.Rd1 
Qd5 22.Rg1 Bd7 23.g4 Qe4 24.Qg3 Rad8 25.f4 Ng6 26.Kf2 c5 27.Nf3 Ba4 28.Rc1
Rfe8 29.Ng5 Qd5 30.Qf3 Bb3 31.Qxd5 Rxd5 32.Rc3 c4 33.Nf3 b5 34.f5 Ne5 35.
Nd4 Ba4 36.Rcc1 a5 37.Ra1 Red8 38.Rab1 Kf8 39.Rgc1 h6 40.h3 Ke7 41.b3 cxb3
42.Nxb3 Bxb3 43.Rxb3 a4 44.Rxb5 Rxb5 45.Bxb5 Nd3+ 46.Bxd3 Rxd3 47.Rc6 f6 
48.Rc7+ Kf8 49.Ra7 Rxa3 50.Kg2 1/2-1/2